000 00299nam a22001337a 4500
020 _aNA
082 _222
_a301.31
100 _aMoran Joseph
245 _aLiving in the environment /
250 _a8th
260 _aWads worth,
_bWads worth,
_cNA
300 _a701 p, ;
_bNA
_c24cm.
942 _2ddc
_cMAG
999 _c3067
_d3067